000 00813nam a22002177a 4500
999 _c1280
_d1280
003 AR-CdUCM
008 190226b ||||| |||| 00| 0 spa d
040 _aMUNICIPALIDAD PROVINCIAL DEL CUSCO
_cBIBLIOTECA MUNICIPAL DEL CUSCO
082 _a338.2 /
_bM87
100 _aMosqueira Lovón, Guillermo
_94955
245 _aLa economía del oro en Madre de Dios /
260 _aCusco :
_bCentro de Estudios Regionales Andinos "Bartolomé de las Casas",
_c1992.
300 _a88 páginas ;
_bCuadros.
_c21 cm.
440 _aEstudios y debates regionales andinos
_n84
_94956
505 _aCaracterísticas generales de los productores mineros -- Economía del oro.
650 _aProducción
_91785
650 _aExplotación minera
_94957
650 _aEconomía
_9382
942 _2ddc
_cLIBROS
945 _aafb
_d2019-02-26